| 000 | 00472nam a22001697a 4500 | ||
|---|---|---|---|
| 999 |
_c526262 _d526262 |
||
| 003 | NUST | ||
| 020 | _qH/B | ||
| 038 | _awaseem | ||
| 082 |
_a297.692 _bNOS |
||
| 100 |
_aNoshahi, Syed Sharafat _917227 |
||
| 245 |
_aTazikara Noshah Gunj Bakhas / _cSyed Sharafat Noshahi |
||
| 260 |
_aLahore : _bAl-Kitab, _c1978. |
||
| 300 | _a192 p. ; | ||
| 880 |
_6100-01\r _aسید شرافت نوشاھی |
||
| 880 |
_6245-02\r _aتزکرہ نوشہ گنج بخش / |
||
| 942 |
_2ddc _cBK |
||